Diseño y construcción de edificaciones con elementos precolados de hormigón

Salvato in:
Dettagli Bibliografici
Autore principale: Saborío Carrillo, Jorge E
Natura: Sconosciuto
Pubblicazione: [San José, Costa Rica] 1980
Soggetti:
Tags: Aggiungi Tag
Nessun Tag, puoi essere il primo ad aggiungerne!!

MARC

LEADER 00000 a2200000 4500
003 001988
005 20221231143739.0
008 140114s1980 c a m 000 ||sp d
040 |c cru CEDI 
090 |a TFG 933 
100 |a Saborío Carrillo, Jorge E  |9 16045 
245 |a Diseño y construcción de edificaciones con elementos precolados de hormigón 
260 |c 1980  |a [San José, Costa Rica] 
300 |a  [94] hojas : ilustraciones (algunas plegables) ; 28 cm  
500 |a  Tesis (ingeniero civil)--Universidad de Costa Rica.  
650 |x CASAS PREFABRICADAS   |x HORMIGON PRETENSADO  |9 16046 
942 |c TFG 
999 |c 11209  |d 11209